[Event "2nd Silman TNM: 2000+"]
[Site "San Francisco"]
[Date "2025.05.13"]
[Round "2.12"]
[White "Walder, Michael"]
[Black "Rajaram, Raghu"]
[Result "0-1"]
[Annotator "TA 7.0"]
[WhiteElo "2012"]
[BlackElo "1848"]
[PlyCount "82"]
[Beauty "7560618841098"]
[GameId "2177611393663138"]
[EventDate "2025.??.??"]

1. e4 c5 2. Nf3 e6 3. d4 cxd4 4. Nxd4 a6 5. Bd3 Nf6 6. c4 d6 7. Nc3 Be7 8. O-O
O-O 9. Be3 Bd7 {B42: Sicilian: Kan Variation: 5 Bd3.} 10. f4 {[%eval 41,34]}
(10. Kh1 $16 {[%eval 85,29]}) 10... Nc6 {[%eval 85,29]} (10... e5 $1 $14
{[%eval 41,34]} 11. Nf5 Bxf5 12. exf5 Nc6) 11. Rc1 {[%eval -32,32]} (11. Nc2
$16 {[%eval 85,29]}) 11... Rc8 {[%eval 80,28]} (11... Nxd4 $1 $15 {[%eval
-32,32] stays ahead.} 12. Bxd4 e5) 12. Qe2 {White is more active.} Qc7 {[%eval
112,32]} (12... Nxd4 $14 {[%eval 48,30]} 13. Bxd4 Bc6) 13. a3 {0.62/31 [#]}
(13. Nb3 $16 {[%eval 112,32]}) 13... Na5 $146 {[%eval 148,31]} (13... Nxd4 $14
{[%eval 62,31]} 14. Bxd4 e5 15. fxe5 Bg4) ({Predecessor:} 13... Nxd4 14. Bxd4
e5 15. Be3 exf4 16. Bxf4 Rfe8 17. Kh1 Bf8 18. Qf3 Bg4 19. Qg3 Bh5 {1-0
Babayan,A (2166)-Al Ali,A (1374) Sharjah Cup (Women) 8th 2017 (5)}) 14. b3
{[%eval 0,40]} ({White should try} 14. g4 $16 {[%eval 148,31]}) 14... e5 $1 $11
15. Nd5 Nxd5 16. cxd5 Qd8 17. Nf3 {-0.77/35 [#]} (17. Rxc8 $11 {[%eval 0,40]
remains equal.} Qxc8 18. fxe5 dxe5 19. Nf3 Nxb3 20. Nxe5) 17... Rxc1 {[%eval
-13,35]} (17... Nxb3 18. Rxc8 Qxc8 19. fxe5 $11) (17... exf4 $1 $17 {[%eval
-77,35]} 18. Rxc8 Bxc8 19. Bxf4 Nxb3) 18. Rxc1 exf4 19. Bxf4 {[%eval -135,32]}
(19. Bf2 $1 $11 {[%eval -20,31]} Nxb3 20. Rb1) 19... Nxb3 $17 20. Rc3 Nc5 21.
Bc2 Bb5 {[%eval -115,32]} ({Black should try} 21... Bg4 $19 {[%eval -171,27]}
22. Qe3 Bxf3 23. Qxf3 Bg5) 22. Qf2 b6 {[%eval -64,33]} (22... Bf6 $17 {[%eval
-134,29]} 23. e5 dxe5 24. Nxe5 Re8 25. Qxc5 Bxe5 26. Bxe5 Rxe5) 23. Nd4 {[%eval
-113,36]} (23. Qg3 $15 {[%eval -64,33]}) 23... Bf6 24. Nxb5 {[%eval -197,33]}
axb5 $19 25. Rh3 {Black must now prevent e5!.} g6 26. Bh6 {[%eval -253,30]}
(26. Rf3 $142 {[%eval -174,32]}) 26... Bg7 $2 {[%eval -88,30]} (26... Re8 $19
{[%eval -253,30] has better winning chances.} 27. Rf3 Bg5 (27... Nxe4 $2
{perishes.} 28. Bxe4 Bg5 29. Bxg5 $18) 28. Bxg5 Qxg5) {Loses the game.} 27. Qe3
{[%eval -318,33]} (27. Bxg7 $17 {[%eval -88,30]} Kxg7 28. Qe3) 27... Qf6 28.
Bxg7 Qxg7 29. Qe2 {[%eval -456,30]} (29. Qc3 $142 {[%eval -295,31]}) 29... Qd4+
30. Kf1 b4 31. axb4 {[#]} Ra8 $1 {White must now prevent ...Ra1+.} 32. Re3 Qxb4
33. e5 Qf4+ 34. Rf3 Qxe5 35. Qxe5 dxe5 {Endgame KRB-KRN. Black is two pawns
up.} 36. Rf6 Rb8 37. Rc6 Kf8 38. g4 Ke7 39. Rc7+ Nd7 40. Be4 b5 41. Rc6 b4 0-1

[Event "2nd Silman TNM: 2000+"]
[Site "San Francisco"]
[Date "2025.05.13"]
[Round "2.13"]
[White "Ivanenko, Anthony Vladimir"]
[Black "Mercado, Adam"]
[Result "1-0"]
[WhiteElo "1913"]
[BlackElo "1958"]
[PlyCount "107"]
[Beauty "6734642937862"]
[GameId "2177611393667235"]
[EventDate "2025.??.??"]

1. c4 e5 2. g3 Nf6 3. Bg2 Bc5 4. Nc3 a6 5. d3 d6 6. Nf3 Nc6 7. O-O h6 8. a3 O-O 9. b4 Ba7 10. Bb2 Rb8 11. Nd2 Be6 12. Nd5 Nd4 13. e3 Nf5 14. Nxf6+ Qxf6 15. Nb3 Bd7 16. Na5 c6 17. Qd2 Rfc8 18. Rac1 b6 19. Nb3 Qe7 20. e4 Nd4 21. Nxd4 exd4 22. Bxd4 c5 23. Be3 b5 24. Rfd1 Bg4 25. f3 Be6 26. cxb5 axb5 27. Qf2 Rc7 28. f4 Bb3 29. Rd2 Rbc8 30. Rb2 c4 31. Bxa7 Rxa7 32. Rxb3 cxb3 33. Rxc8+ Kh7 34. Qb2 Qf6 35. Rc3 Qd4+ 36. Kf1 Rxa3 37. Rxb3 Ra1+ 38. Ke2 Qg1 39. Kf3 Qd1+ 40. Ke3 Qg1+ 41. Qf2 Re1+ 42. Kf3 Re3+ 43. Kxe3 Qc1+ 44. Qd2 Qg1+ 45. Kf3 g5 46. fxg5 hxg5 47. Rc3 g4+ 48. Kxg4 Qd4 49. Rc1 f5+ 50. Kxf5 Qg7 51. Qg5 Qd7+ 52. Kf4 Qb7 53. Bh3 Kh8 54. Qh6+ 1-0

[Event "2nd Silman TNM: 2000+"]
[Site "San Francisco"]
[Date "2025.05.13"]
[Round "2.14"]
[White "Gaffagan, Steven"]
[Black "Smith, Roger Christopher"]
[Result "1/2-1/2"]
[WhiteElo "1956"]
[BlackElo "1826"]
[PlyCount "127"]
[Beauty "4952634194466"]
[GameId "2177611393667236"]
[EventDate "2025.??.??"]

1. e4 e5 2. Nf3 Nc6 3. Bc4 Bc5 4. d3 Nf6 5. c3 d6 6. a4 a5 7. Qe2 O-O 8. Bg5 Be6 9. Nbd2 Qe7 10. h3 Rab8 11. O-O h6 12. Bh4 Bxc4 13. Nxc4 Qe6 14. Ne3 Nh5 15. Bg3 Bxe3 16. Qxe3 f5 17. exf5 Qxf5 18. Rae1 Rbe8 19. Qe4 Qf7 20. Qe2 Ne7 21. Bh2 Ng6 22. Nd2 Nhf4 23. Bxf4 Nxf4 24. Qf3 Qg6 25. Re3 d5 26. Qg4 Qh7 27. Qd7 Qg6 28. Qg4 Qb6 29. b4 Re6 30. g3 h5 31. Qh4 Ng6 32. Qxh5 axb4 33. cxb4 Ref6 34. Nf3 Nh8 35. a5 Qd6 36. Nxe5 Rf5 37. Qe2 Qxb4 38. a6 d4 39. Re4 Qb5 40. axb7 Qxb7 41. Nd7 R8f7 42. Re8+ Kh7 43. Ne5 R7f6 44. Ng4 Rf7 45. Re5 Ng6 46. Rxf5 Rxf5 47. Rc1 c5 48. Re1 Qf7 49. Qe4 Qd5 50. Qxd5 Rxd5 51. Re8 Rf5 52. Kf1 Nf8 53. Re5 Kg6 54. Ke2 Rxe5+ 55. Nxe5+ Kf5 56. f4 g5 57. Kf3 gxf4 58. gxf4 Ne6 59. Nd7 Nxf4 60. Nxc5 Nxh3 61. Ne4 Nf4 62. Nd6+ Ke5 63. Nb5 Nxd3 64. Nxd4 1/2-1/2

[Event "2nd Silman TNM: 2000+"]
[Site "San Francisco"]
[Date "2025.05.13"]
[Round "2.15"]
[White "Parsons, Stephen"]
[Black "Lewis, Edward"]
[Result "1-0"]
[WhiteElo "1840"]
[BlackElo "1950"]
[PlyCount "73"]
[Beauty "7908112468496"]
[GameId "2177611393667237"]
[EventDate "2025.??.??"]

1. e4 c5 2. Nf3 Nc6 3. d4 cxd4 4. Nxd4 Nf6 5. Nc3 e5 6. Ndb5 Bb4 7. Nd6+ Ke7 8. Nf5+ Kf8 9. Bd3 d5 10. exd5 Qxd5 11. Ne3 Qc5 12. Bd2 Be6 13. O-O Rd8 14. Qe1 Qe7 15. a3 Bc5 16. Rd1 a6 17. Kh1 b5 18. Ne4 Nxe4 19. Bxe4 Nd4 20. f4 exf4 21. Rxf4 Bd6 22. Rf1 Kg8 23. Bc3 Bc5 24. Qg3 f6 25. Rde1 Bd6 26. Qh4 Be5 27. Nf5 Bxf5 28. Bxf5 Nxf5 29. Rxf5 Bxc3 30. bxc3 Qxa3 31. Qe4 Qd6 32. c4 bxc4 33. Qxc4+ Kf8 34. h3 g6 35. Re6 Qd2 36. Rexf6+ Kg7 37. Rf7+ 1-0

[Event "2nd Silman TNM: 1600-1999"]
[Site "San Francisco"]
[Date "2025.05.13"]
[Round "2.16"]
[White "Boyer, John"]
[Black "Marvin, Hayes Alexander"]
[Result "1/2-1/2"]
[WhiteElo "1669"]
[BlackElo "1919"]
[PlyCount "62"]
[Beauty "6599083037193"]
[GameId "2177611393667238"]
[EventDate "2025.??.??"]

1. e4 d5 2. exd5 Qxd5 3. Nc3 Qd8 4. d4 Nf6 5. Nf3 Bg4 6. h3 Bxf3 7. Qxf3 c6 8. Be3 e6 9. a3 Be7 10. Bd3 Nbd7 11. O-O O-O 12. Rfe1 Nd5 13. Nxd5 cxd5 14. c4 dxc4 15. Bxc4 Nb6 16. Bd3 Qd7 17. h4 Bf6 18. Qe4 g6 19. Rad1 Nd5 20. Bh6 Rfd8 21. Bb1 Qb5 22. b4 Nc3 23. Qf3 Nd5 24. Be4 Bg7 25. Bxg7 Kxg7 26. h5 Qe8 27. Rd3 Rac8 28. Bxd5 Rxd5 29. Qxd5 exd5 30. Rxe8 Rxe8 31. hxg6 hxg6 1/2-1/2

[Event "2nd Silman TNM: 1600-1999"]
[Site "San Francisco"]
[Date "2025.05.13"]
[Round "2.17"]
[White "Prasad, Thejas"]
[Black "Admassu, Yonathan"]
[Result "0-1"]
[WhiteElo "1758"]
[BlackElo "1661"]
[PlyCount "86"]
[Beauty "7423985192968"]
[GameId "2177611393667239"]
[EventDate "2025.??.??"]

1. e4 c5 2. Nf3 Nc6 3. c3 Nf6 4. e5 Nd5 5. d4 cxd4 6. cxd4 d6 7. Bc4 Nb6 8. Bb3 dxe5 9. Nxe5 Nxe5 10. dxe5 Qxd1+ 11. Kxd1 Bg4+ 12. f3 O-O-O+ 13. Bd2 Bh5 14. Nc3 e6 15. Rc1 Kb8 16. Ke2 Be7 17. Rhd1 Bg6 18. Bf4 h5 19. Nb5 a6 20. Nd6 Bxd6 21. exd6 e5 22. Bxe5 Rhe8 23. f4 Nd7 24. Kf3 Nxe5+ 25. fxe5 Rxe5 26. Bc2 Re6 27. d7 Re7 28. Bxg6 fxg6 29. Rd6 Rdxd7 30. Rxg6 Rd3+ 31. Kf4 Rd2 32. Rc5 h4 33. Rh5 Rf2+ 34. Kg5 Rxg2+ 35. Kf5 Rf2+ 36. Kg5 Rxh2 37. Rb6 h3 38. a4 Rh1 39. Rb3 h2 40. Rbh3 Re2 41. b4 Rb2 42. R3h4 Rg1+ 43. Kf4 Rxb4+ 0-1

[Event "2nd Silman TNM: 1600-1999"]
[Site "San Francisco"]
[Date "2025.05.13"]
[Round "2.18"]
[White "Yan, Rayna"]
[Black "Zhanaidarov, Orynbay"]
[Result "1-0"]
[Annotator "Winslow,Elliott"]
[WhiteElo "1681"]
[BlackElo "1639"]
[PlyCount "109"]
[Beauty "6668473600519"]
[GameId "2177611393667240"]
[EventDate "2025.??.??"]

{[%evp 0,27,18,4,17,-7,27,-120,55,-86,37,23,57,61,87,101,99,112,130,100,107,84,114,83,86,91,99,73,47,56]} 1. d4 Nf6 2. c4 d5 3. cxd5 Nxd5 4. e4 Nf6 5. Nc3 e6 6. Nf3 Bb4 7. Bd3 O-O 8. O-O b6 9. Bg5 Be7 10. Rc1 c6 11. Qc2 h6 12. Bh4 Ba6 13. Rfd1 Bxd3 14. Qxd3 Nh5 15. Bxe7 Qxe7 16. Qe3 Nf6 17. a3 Nbd7 18. e5 Nd5 19. Nxd5 cxd5 20. Rc7 Rfc8 21. Qc3 Qd8 22. Rc1 Rcb8 23. Qc6 Nf8 24. g3 Ng6 25. Qd7 Qxd7 26. Rxd7 Rd8 27. Rdc7 Kf8 28. Rb7 Rdb8 29. Rd7 Rd8 30. Rxd8+ Rxd8 31. Rc7 Ra8 32. Kg2 Ke8 33. Ng1 Ne7 34. Ne2 Kd8 35. Rb7 Ke8 36. b4 Ng6 37. Nc3 Ne7 38. Nb5 Kd8 39. Rxa7 Rxa7 40. Nxa7 Kc7 41. Nb5+ Kc6 42. Nd6 f6 43. b5+ Kd7 44. f4 fxe5 45. fxe5 Nf5 46. Nxf5 exf5 47. Kf3 g5 48. a4 h5 49. h4 g4+ 50. Kf4 Ke6 51. a5 bxa5 52. b6 Kd7 53. e6+ Kd6 54. b7 Kc7 55. e7 1-0

[Event "2nd Silman TNM: 1600-1999"]
[Site "San Francisco"]
[Date "2025.05.13"]
[Round "2.20"]
[White "Chan, John"]
[Black "Babayan, Gagik"]
[Result "0-1"]
[WhiteElo "1601"]
[BlackElo "1725"]
[PlyCount "64"]
[Beauty "8251705921572"]
[GameId "2177611393667241"]
[EventDate "2025.??.??"]

1. c4 Nf6 2. Nc3 g6 3. d4 Bg7 4. Nf3 O-O 5. e4 d6 6. h3 e5 7. d5 Ne8 8. g4 c6 9. Bg2 cxd5 10. cxd5 Na6 11. O-O f5 12. exf5 gxf5 13. g5 f4 14. h4 Bg4 15. Bd2 Nc5 16. Qc2 Bf5 17. Qd1 Qd7 18. Kh2 e4 19. Ng1 f3 20. Bf4 fxg2 21. Kxg2 Nd3 22. Bg3 Be5 23. Qd2 Ng7 24. Qe3 Rae8 25. Rab1 b6 26. Bxe5 Rxe5 27. a4 Bg6 28. Nce2 Qg4+ 29. Ng3 Nh5 30. Nh3 Nhf4+ 31. Nxf4 Nxf4+ 32. Kg1 Qxh4 0-1

[Event "2nd Silman TNM: 1600-1999"]
[Site "San Francisco"]
[Date "2025.05.13"]
[Round "2.22"]
[White "Abraham, Michael David"]
[Black "Khristoforov, Sergey"]
[Result "1-0"]
[Annotator "Abraham,Michael David"]
[WhiteElo "1564"]
[BlackElo "1835"]
[PlyCount "93"]
[Beauty "7217558338638"]
[GameId "2177611393667242"]
[EventDate "2025.??.??"]

1. d4 d5 2. c4 c6 3. Nc3 Nf6 4. Nf3 e6 5. Bg5 Nbd7 6. a3 {I'm trying to break
this habit. I don't like the idea of being down a pawn after something like (6.
e3 Bb4 7. Bd3 Qa5 8. O-O Bxc3 9. bxc3 Qxc3 10. cxd5 exd5)} Be7 7. e3 O-O 8. Bd3
h6 9. Bh4 b6 10. O-O Bb7 11. Rc1 Rc8 12. Re1 Re8 13. h3 Kh8 14. Bxf6 Nxf6 15.
cxd5 cxd5 16. Ne5 Rf8 17. Bb1 Bd6 18. Qd3 Bxe5 $4 {This move really surprised
me and the following moves seem to play themselves for White. I thought I had
really telegraphed the threat along the white diagonal with 17. Bb1 and 18.
Qd3} 19. dxe5 Ne4 20. f3 Ng5 21. h4 Nxf3+ 22. gxf3 g6 23. Kg2 {I really liked
23. Kg2. My longest think of the game.} Qxh4 24. Rh1 Qg5+ 25. Kf2 Qxe5 26.
Rxh6+ Kg8 27. Rxg6+ fxg6 28. Qxg6+ Qg7 29. Qxe6+ Rf7 30. Rg1 Qxg1+ 31. Kxg1 Rc6
32. Qe8+ Kg7 33. Qe5+ Rcf6 34. Nxd5 Bxd5 35. Qxd5 Rxf3 36. Ba2 Rf1+ 37. Kg2
R7f2+ 38. Kg3 Rf5 39. Qg8+ Kh6 40. Qh8+ Kg6 41. Qe8+ Kh6 42. Qe6+ Kg5 43. Bd5
Kh5 44. Qe8+ Kh6 45. Qh8+ Kg6 46. Be4 Rg1+ 47. Kh2 1-0

[Event "2nd Silman TNM: 1600-1999"]
[Site "San Francisco"]
[Date "2025.05.13"]
[Round "2.23"]
[White "Dutter, Frederic"]
[Black "Agdamag, Samuel"]
[Result "1/2-1/2"]
[WhiteElo "1900"]
[BlackElo "1512"]
[PlyCount "55"]
[Beauty "6601096300553"]
[GameId "2177611393667243"]
[EventDate "2025.??.??"]

1. e4 c5 2. Nf3 d6 3. Bb5+ Nd7 4. d4 cxd4 5. Qxd4 a6 6. Bxd7+ Bxd7 7. Bg5 Nf6 8. O-O e5 9. Qd3 Be7 10. Nc3 Be6 11. Rfd1 Rc8 12. Bxf6 gxf6 13. Nh4 Rg8 14. Nf5 Bxf5 15. exf5 Qb6 16. Nd5 Qc6 17. c3 h5 18. f3 Qc5+ 19. Kf1 Qc4 20. b3 Qxd3+ 21. Rxd3 Rg5 22. Rad1 Rxf5 23. Nxe7 Kxe7 24. Rxd6 Rc7 25. Ke2 Rg5 26. g3 Rg8 27. c4 Rgc8 28. R1d2 1/2-1/2

[Event "2nd Silman TNM: 1600-1999"]
[Site "San Francisco"]
[Date "2025.05.13"]
[Round "2.24"]
[White "Ochoa, Jason B"]
[Black "Siegel, David"]
[Result "1/2-1/2"]
[Annotator "Siegel,David"]
[WhiteElo "1643"]
[BlackElo "1462"]
[PlyCount "161"]
[Beauty "4265728821847"]
[GameId "2177639260889438"]
[EventDate "2025.??.??"]

{[%evp
0,59,15,26,10,20,11,20,20,4,19,3,15,-74,-109,-104,-83,-68,-83,-118,-83,-150,-137,-148,-140,-204,-131,-130,-113,-133,-114,-140,-138,-115,-114,-146,-110,-160,-151,-202,-212,-152,-217,-289,-209,-181,-203,-286,-290,-297,-288,-316,-330,-344,90,157,175,72,110,71,49,25]}
1. c4 c5 2. Nf3 Nf6 3. Nc3 e6 4. e4 Nc6 5. Be2 d5 6. O-O d4 {Looks like an
oversight by White. d4 attacks the defender of the e5 pawn and also threatens
to trap the e2 bishop.} 7. e5 Nd7 8. Ne4 Ndxe5 9. d3 Be7 10. Qa4 Bd7 11. Qb3 b6
12. Bf4 Nxf3+ 13. Bxf3 O-O 14. Rae1 e5 15. Bd2 Qc7 16. Qd1 Rab8 17. a4 a6 {The
computer has wanted Black to play f5 for several moves, but I thought that
might turn into a liability at the time. Instead, my plan was to open up a
second front on the queenside and try to get an open file for my rooks. White's
pieces seemed kind of cramped, so I thought this might generate some
initiative.} 18. Re2 b5 19. b3 bxc4 20. bxc4 Nb4 21. Ng5 Bxg5 22. Bxg5 f6 23.
Bd2 Nxd3 24. Bd5+ Kh8 25. Re4 Bf5 26. Qh5 Bg6 27. Qxg6 {Oof, a nice find by
White!} Nf4 28. Qg3 Nxd5 29. cxd5 Qd7 30. Rh4 g5 {Trying to minimize further
shenanigans...} 31. Rh6 Qxd5 32. Qh3 Qf7 33. Qf5 Qg7 34. Rh3 c4 35. Rc1 c3 36.
Be1 Rb6 {I thought it would be easier to make progress here if I could just
trade queens. And the computer agrees — if I delete the queens from this
position the evaluation is -3. So the purpose of Rb6 was to contain the White
queen a little bit with the hope that I could one day trade it off.} 37. g4 Kg8
38. Rd3 Qg6 {The queen trade is essentially forced, and things are looking up
for team Black, but I still struggle to find the winning plan.} 39. f3 Qxf5 40.
gxf5 Rfb8 41. Rdd1 Rb2 42. h4 h6 43. hxg5 hxg5 44. Bg3 c2 45. Rf1 d3 46. Be1
Rb1 47. Bd2 Rxc1 48. Rxc1 Kf7 49. Kf2 Rb3 50. Ke3 Ke7 51. Ke4 Kd6 52. a5 Kc5
53. Re1 Rb1 54. Rc1 Kc4 55. Ke3 {With only a couple of minutes left on my
clock, I spent most of my remaining time trying to calculate pawn races and
missed the key idea: in the current position, the pawn endgame is simply
winning for Black if everything gets traded off (eg [55... Rxc1 56. Bxc1 Kc3
57. Bd2 Kb2 58. Kcd3 c1=Q 59. Bxc1 Kxc1]). Instead, with almost no time left on
the clock I went for a pawn race and almost lost.} e4 56. fxe4 g4 57. e5 g3 58.
exf6 Rxc1 59. Bxc1 g2 60. Kf2 Kc3 61. f7 d2 62. Bxd2+ Kxd2 63. f8=Q g1=Q+ 64.
Kxg1 c1=Q+ 65. Kg2 Qc6+ 66. Kg3 Qc3+ 67. Kg4 Qd4+ 68. Kg5 Qe3+ 69. Kf6 Qd4+ 70.
Kg5 Qe3+ 71. Kf6 Qd4+ 72. Kg6 Qg4+ 73. Kf7 Qxf5+ {A decisive mistake: the White
king was within reach of safety on h7. After this the game was a draw.} 74. Ke7
Qxf8+ 75. Kxf8 Kc3 76. Ke7 Kb4 77. Kd6 Kxa5 78. Kc5 Ka4 79. Kc4 Ka3 80. Kc3 Ka2
81. Kb4 1/2-1/2

[Event "2nd Silman TNM: 1600-1999"]
[Site "San Francisco"]
[Date "2025.05.13"]
[Round "2.25"]
[White "Touset, Stephen"]
[Black "Casares, Nick"]
[Result "1-0"]
[WhiteElo "1545"]
[BlackElo "1600"]
[PlyCount "55"]
[Beauty "8247410951180"]
[GameId "2177611393667245"]
[EventDate "2025.??.??"]

1. d4 d5 2. Bf4 Nf6 3. e3 e6 4. Nf3 Nbd7 5. Bd3 a6 6. Nbd2 Be7 7. O-O c5 8. c3 b5 9. e4 Nxe4 10. Nxe4 c4 11. Bc2 dxe4 12. Bxe4 Ra7 13. Be3 Rc7 14. d5 exd5 15. Bxd5 O-O 16. a4 Bb7 17. Bf4 Bxd5 18. Bxc7 Qxc7 19. Qxd5 Nc5 20. axb5 Nd3 21. Rxa6 Qc8 22. Rc6 Qg4 23. h3 Qf4 24. Rxc4 Qb8 25. Qxd3 Qxb5 26. Rd4 Qb6 27. Rd7 Bc5 28. b4 1-0

[Event "2nd Silman TNM: 1600-1999"]
[Site "San Francisco"]
[Date "2025.05.13"]
[Round "2.26"]
[White "Stults, Sawyer"]
[Black "Tam, Hoa Long"]
[Result "0-1"]
[WhiteElo "1471"]
[BlackElo "1564"]
[PlyCount "120"]
[Beauty "6391737615368"]
[GameId "2177611393667246"]
[EventDate "2025.??.??"]

1. e4 c5 2. d4 cxd4 3. c3 dxc3 4. Nxc3 e6 5. Nf3 Nc6 6. Bc4 Bb4 7. O-O Nge7 8.
Qe2 O-O 9. Bf4 d5 {First move out of the master database. I wanted to get rid
of the hole on d6 so I can start trading down by taking on c6.} 10. Rfd1 Bxc3
(10... d4 11. Nb5 Ng6 12. Bg5 (12. Bg3 e5 $17) (12. Nbxd4 Nxf4 13. Nxc6 Nxe2+
$19) 12... Qb6 13. Nbxd4 Nxd4 14. Nxd4 $15) 11. bxc3 Qa5 12. Bb3 dxe4
{Simplifying the position, but keeping my c8 bishop weak.} (12... Qxc3 13. Rac1
(13. exd5 Nxd5 14. Bxd5 exd5 $17) 13... Qf6 14. Bg5 (14. exd5 Nxd5 15. Bxd5
exd5 16. Bg3 Be6 $17) 14... Qg6 $17) 13. Nd4 Nxd4 14. cxd4 (14. Rxd4 Qxc3
(14... e5 $2 15. Rxe4 $10) 15. Rad1 Ng6 16. Qxe4 $17) 14... Nd5 15. Qxe4 Nc3 {I
missed that Qe1 allows White to keep the exchange, though I don't think I have
a better move since I don't want to allow an opposite-bishop ending after
Bxd5.} 16. Qe1 Qf5 17. Qxc3 Qxf4 18. Rac1 Bd7 19. Qc7 (19. d5 exd5 20. Bxd5
Rac8 21. Qb2 Rxc1 22. Rxc1 (22. Qxc1 Qxc1 23. Rxc1 b6 24. Rc7 Rc8 25. Rxc8+
Bxc8 $17) 22... b6 $17) 19... Qxc7 20. Rxc7 Bc6 21. d5 exd5 22. Bxd5 Bxd5 23.
Rxd5 Rfc8 24. Rdd7 Rxc7 25. Rxc7 b5 26. Kf1 g6 27. Ke2 a5 $6 {In the king race
that occurs later, it winds up helping White that the pawns are further
forward.} (27... a6 28. Kd3 Rd8+ 29. Kc3 Rd6 $17) 28. Kd3 Rd8+ 29. Kc2 Rd5 30.
Rc3 h5 31. Rd3 $1 Re5 32. Re3 Rf5 33. Rf3 Rxf3 $6 {I calculated that we would
both queen at the same time, but just assumed that in the Q+2P v Q endgame that
White would eventually run out of checks.} (33... Kg7 $1 34. Rxf5 gxf5 35. Kd3
Kf6 36. Kd4 Ke6 37. Kc5 b4 38. Kb5 Kd5 39. Kxa5 Kc4 {This looks really
tempting, but it doesn't quite work after} 40. f4 h4 41. h3 f6 42. Ka4 Kc3 43.
Ka5 b3 44. axb3 Kxb3 45. Kb5 Kc3 46. Kc5 Kd3 47. Kd5 Ke3 48. Ke6 Kf2 (48...
Kxf4 49. Kxf6 Ke4 (49... Kg3 50. Kxf5 Kxg2 51. Kg4 $18) 50. Kg5 $18) 49. Kxf5
(49. Kxf6 Kxg2 50. Kxf5 Kxh3 $19) 49... Kxg2 50. Kg4 $18) 34. gxf3 Kg7 35. Kd3
Kf6 36. Kd4 Kf5 37. Kc5 Kf4 38. Kxb5 Kxf3 39. Kxa5 Kxf2 40. a4 f5 41. Kb4 f4
42. a5 f3 43. a6 Kg1 44. a7 f2 45. a8=Q f1=Q 46. Qe4 Kxh2 47. Qh4+ Kg1 48. Qg3+
Qg2 49. Qe1+ Qf1 50. Qg3+ Kh1 51. Qh4+ Kg2 52. Qg5+ Kf2 53. Qxg6 Qe1+ 54. Kc5
Qc3+ 55. Kb6 Qb4+ 56. Kc7 Qc5+ 57. Kb7 Qd5+ 58. Kb6 Qd4+ 59. Kc6 h4 60. Qf5+
Kg3 0-1

[Event "2nd Silman TNM: u1600"]
[Site "San Francisco"]
[Date "2025.05.13"]
[Round "2.27"]
[White "Olson, David R"]
[Black "Fitzgerald, William"]
[Result "0-1"]
[WhiteElo "1400"]
[BlackElo "1263"]
[PlyCount "110"]
[Beauty "6667399858733"]
[GameId "2177611393671343"]
[EventDate "2025.??.??"]

1. d4 Nf6 2. c4 e6 3. a3 d5 4. c5 c6 5. Nc3 Nbd7 6. f3 e5 7. Bg5 exd4 8. Qxd4 Bxc5 9. Qd2 Qb6 10. e3 h6 11. Na4 Qd8 12. Nxc5 Nxc5 13. Bxf6 Qxf6 14. Rd1 O-O 15. b4 Na4 16. Bd3 Re8 17. Ne2 Qg5 18. Kf2 Bf5 19. f4 Qf6 20. Bxf5 Qxf5 21. Nd4 Qe4 22. g4 Nb6 23. Nf5 Nc4 24. Qc3 f6 25. Rhe1 Qe6 26. h3 Nd6 27. Nxd6 Qxd6 28. Rd4 Re7 29. Qd3 Kf7 30. e4 Qxf4+ 31. Kg2 Qe5 32. Rf1 dxe4 33. Qc4+ Qe6 34. Qc5 e3 35. Qh5+ Kf8 36. g5 Qa2+ 37. Kg1 e2 38. Re1 Qb2 39. Rf4 Qe5 40. Qh4 Qxg5+ 41. Qxg5 hxg5 42. Rd4 Rae8 43. Kf2 Re3 44. Kg2 Rxa3 45. Rd7 Rae3 46. Rxb7 R8e7 47. Rb8+ Re8 48. Rxe8+ Rxe8 49. Kf2 Re7 50. Kf3 g6 51. Kg4 Ke8 52. Kf3 Kd8 53. Kf2 Kc7 54. Rb1 e1=Q+ 55. Rxe1 Rxe1 0-1

[Event "2nd Silman TNM: u1600"]
[Site "San Francisco"]
[Date "2025.05.13"]
[Round "2.28"]
[White "Booth, Kyle Ewart Coventry"]
[Black "Wickliffe, Zachary"]
[Result "0-1"]
[Annotator "Winslow,Elliott"]
[WhiteElo "1246"]
[BlackElo "1347"]
[PlyCount "98"]
[Beauty "7014084253224"]
[GameId "2177611393671344"]
[EventDate "2025.??.??"]

1. e4 c5 2. Nf3 Nc6 3. d4 cxd4 4. Nxd4 g6 5. Nc3 Bg7 6. Be3 Nf6 7. f3 $6 (7. Bc4) 7... O-O 8. Qd2 d5 $1 9. O-O-O dxe4 10. Nxc6 Qxd2+ 11. Rxd2 bxc6 12. Nxe4 Nd5 13. Bc5 Bh6 14. Bc4 Bxd2+ 15. Nxd2 Re8 16. h4 h5 17. Ne4 Bf5 18. Ng5 f6 19. Ne4 Kg7 20. Ng3 Be6 21. Re1 Kf7 22. Ne2 Nf4 23. Nxf4 Bxc4 24. g4 e5 25. Ng2 Bd5 26. Re3 hxg4 27. Ne1 gxf3 28. Nxf3 Bxf3 29. Rxf3 Rad8 30. Bxa7 Ra8 31. Bc5 Rxa2 32. Rh3 Rh8 33. b4 Raa8 34. c4 f5 35. Bd6 Ke6 36. Bc5 f4 37. Kd2 e4 38. Ke2 Ra2+ 39. Ke1 g5 40. h5 g4 41. Rh4 Kf5 42. h6 Rh7 43. Bd6 f3 44. Rh5+ Kg6 45. Re5 Rxh6 46. Re6+ Kh7 47. Re7+ Kg8 48. Re8+ Kf7 49. Rf8+ Ke6 0-1

[Event "2nd Silman TNM: u1600"]
[Site "San Francisco"]
[Date "2025.05.13"]
[Round "2.29"]
[White "Quinn, Dahlia"]
[Black "Sloan, Sacha Marino"]
[Result "0-1"]
[WhiteElo "1329"]
[BlackElo "1056"]
[PlyCount "106"]
[Beauty "6803362416134"]
[GameId "2177611393671345"]
[EventDate "2025.??.??"]

1. c4 Nf6 2. g3 g6 3. Bg2 Bg7 4. Nc3 O-O 5. Nf3 c5 6. O-O Nc6 7. e3 a6 8. d4 cxd4 9. exd4 d6 10. b3 Rb8 11. Bb2 e6 12. Qe2 Re8 13. Rad1 Qa5 14. a3 Bd7 15. b4 Qc7 16. b5 Na5 17. Nd2 Rbc8 18. bxa6 bxa6 19. c5 dxc5 20. dxc5 Qxc5 21. Nde4 Nxe4 22. Rxd7 Nxc3 23. Qf3 Re7 24. Rd3 Rec7 25. Rc1 Qe5 26. Re3 Qf6 27. Qg4 Rc4 28. Rexc3 Rxc3 29. Rd1 Qf5 30. Qb4 Rc2 31. Bd4 Bxd4 32. Qxd4 Rc1 33. Bf1 Rxd1 34. Qxd1 Qd5 35. Qa4 Rc1 36. Qe8+ Kg7 37. h4 Rxf1+ 38. Kxf1 Qb5+ 39. Qxb5 axb5 40. Ke2 Nc4 41. Kd3 Nxa3 42. Kc3 Kf6 43. Kb4 Nc4 44. Kxb5 Nd6+ 45. Kb4 Ne4 46. Kc4 Nxf2 47. Kd4 Kf5 48. Ke3 Ng4+ 49. Kf3 Ne5+ 50. Kg2 Kg4 51. Kh2 f5 52. Kg2 Nd3 53. Kh2 e5 0-1